Представление документа в формате RUSMARC

ПолеНазваниеЗначение
  Тип записи i
  Библиографический уровень m
001 Контрольный номер RU/IS/BASE/409072621
005 Дата корректировки 20250217161854.6
010 Индекс ISBN __
a ISBN 978-5-4410-0002-4
d Цена 240-00; 244-64
100 Данные общей обработки __
a Данные общей обработки 19180620d2011||||||| 0rusy0189 ca
101 Язык документа 0_
a Язык текста rus
102 Страна публикации __
a Страна публикации ru
105 Кодированные данные (монография) __
a Кодированные данные (монография) an|||||||f|zy
127 Кодированные данные (звукозаписи-физические характеристики) __
a Продолжительность проигрывания 160000
200 Заглавие и сведения об ответственности 1_
a Заглавие Человек Боя
e Сведения, относящиеся к заглавию [роман : аудиокнига]
f Первые сведения об ответственности Василий Головачев ; [читает: Сергей Кузнецов]
b Общее обозначение материала Звукозапись
210 Выходные данные 1_
a Место издания Москва
c Издательство Культур-Мультур
c Издательство ЭКСМО
d Дата издания 2011
215 Физическое описание __
a Объем 1 электрон. опт. диск (Audio CD)
c Иллюстрации/тип воспроизводства mp3, 96 Kbps
d Формат 12x14 см
225 Серия 2_
a Серия Grandmaster
230 Специфическая характеристика материала: электронные ресурсы __
a Обозначение и объем ресурса Электронные звуковые данные
300 Общие примечания __
a Общие примечания Заглавие с этикетки диска
a Общие примечания Говорящая книга
323 Примечание о главных создателях, исполнителях, участниках __
a Примечание о главных создателях, исполнителях, участниках Кузнецов, С. (читает)
330 Аннотация __
a Аннотация Командир оперативно-боевой группы "Витязь" полковник Егор Крутов - настоящая гроза террористов, боец без страха и упрека, умеющий в решающий момент мыслить, чувствовать и действовать лучше самых высококлассных профессионалов. За каждое такое вхождение в "состояние сверхвозможностей" приходится платить чрезвычайно высокую цену, безжалостно сжигая энергетику организма. И все же, вернувшись домой, Крутов вынужден грудью встать на защиту родных стен и превратиться в универсальную боевую машину, настроенную на уничтожение тех, кто реально угрожает жизни не только самых дорогих ему людей, но и всего человечества.
333 Примечание о целевом назначении __
a Примечание о целевом назначении 16+. Для детей старше 16 лет
337 Примечание о системных требованиях (электронные ресурсы) __
a Примечание о системных требованиях (электронные ресурсы) Системные требования: MS Windows ; Pentium 100 ; RAM 16 Мб ; SVGA, 800x600 ; CD-ROM ; звуковая карта ; колонки или наушники ; мышь ; аудиосистемы с поддержкой формата MP3: музыкальный центр ; CD/DVD-плеер и т.д.
606 Тематические рубрики __
a Основная рубрика Художественная литература
606 Тематические рубрики __
a Основная рубрика Современная русская литература (произведения)
610 Ключевые слова 0_
a Ключевые слова романы
a Ключевые слова тема приключений
a Ключевые слова тема фантастики
a Ключевые слова фантастика
a Ключевые слова фантастические романы
686 Индексы других классификаций __
2 Код системы rubbks
a Классификационный индекс 84(2=411.2)6-445я04; ст84(2Рос=Рус)6-445я0
700 Автор _1
a Фамилия Головачев
b Имя В. В.
g Полное личное имя Василий Васильевич
4 Код отношения 070
801 Источник записи _0
a Страна ru
b Организация Муниципальное бюджетное учреждение культуры "Централизованная библиотечная система" г. Сургут (Центральная городская библиотека им. А. С. Пушкина)
c Дата составления 20180620
g Правила каталогизации rpk
801 Источник записи _1
a Страна ru
b Организация Муниципальное бюджетное учреждение культуры "Централизованная библиотечная система" г. Сургут (Центральная городская библиотека им. А. С. Пушкина)
c Дата составления 20180620
g Правила каталогизации rpk
852 Данные о местонахождении __
j Шифр хранения 84(2=411.2)6-445я04
i Авторский знак Г 61
901 Тип документа __
a Ответственный КиК/Лукашук
t Тип документа m
903 Характеристики (МАРС) __
a Дата передачи 20180620; 20121217
969 Тип издания __
a Тип издания аудиокнига; издание для слепых
990 Данные о заказе (DOS) __
j Количество экземпляров (DOS) 2; 4
h N записи в КСУ для Б/У (DOS) 201301
t N записи в КСУ для И/У (DOS) 201806